| 000 | 00542nam a22001577a 4500 | ||
|---|---|---|---|
| 082 |
_a620.14 _bAHS |
||
| 100 |
_aAhsan Karim (402624) _9126313 |
||
| 245 | _aTechno-Economic Analysis of Hybrid Renewable Energy Systems for CPEC's Emerging Economic Zones and Hydrogen Production from Surplus Energy / | ||
| 264 |
_aIslamabad : _bUSPCAS-E, NUST _cSeptember, 2024. |
||
| 300 |
_axvi, 53 p. _e+CD |
||
| 520 | _aTH-585 | ||
| 650 | _aMS ESE Thesis | ||
| 650 |
_aMS Thesis _918721 |
||
| 700 |
_aDr. Syed Ali Abbas Kazmi _9117439 |
||
| 942 |
_2ddc _cTHE |
||
| 999 |
_c612012 _d612012 |
||